各种知识 #1 General knowledge - Statistics

General Stats
  • This quiz has been taken 90 times
  • The average score is 10 of 20
Answer Stats
出题者 问题 答案 % Correct
月即别 世界上第一个登上月球的人是谁? 尼尔·阿姆斯特朗
90%
月即别 世界上第一个进入太空的人是谁? 尤里·加加林
87%
uoiu 赵孟頫是哪个朝代的书法家? 元代
83%
CNY 哪种西洋乐器被称为“乐器之王”? 钢琴
73%
uoiu 高崎机场位于那座城市? 厦门
70%
TMDDS 诞生了数学界著名的“七桥问题”的哥尼斯堡现在属于哪个国家 俄罗斯
61%
uoiu 拓扑学中没有内外之分的瓶状结构被称为 克莱因瓶
57%
pcktrsss “柿子”在东北还可以指什么 西红柿
55%
furongzhen 获得最多欧冠冠军的俱乐部是 皇家马德里
55%
furongzhen 获得最多意大利足球顶级联赛冠军的俱乐部是 尤文图斯
50%
CNY 哪种中国兵器被称为“百兵之君”?
50%
TMDDS 1909年10月26日在哈尔滨火车站刺杀日本首相伊藤博文的人是 安重根
48%
uoiu “高梁河车神”指的是 宋太宗赵光义
45%
TMDDS 中国首艘航母辽宁舰的前身是苏联海军的一艘未建完的库兹涅佐夫元帅级航母,名为 瓦良格号
43%
uoiu 佳能400D最著名的拍摄对象(动物)是 老虎
35%
TMDDS 1979年10月26日在宫井洞刺杀韩国总统朴正熙的人是 金载圭
33%
uoiu 《黑神话·悟空》中“我来助你”是哪位角色喊出的? 黄风大圣
26%
TMDDS 乌鸦,喜鹊,灰喜鹊等常见鸟类在生物学上属于哪一科? 鸦科
22%
uoiu 《梁祝》的作曲者是(写出其一) 何占豪/陈钢
9%
月即别 二战在德国柏林国会大厦插旗的苏联部队名称是? 苏联红军第150步兵师
4%
No matching quizzes found
Score Distribution
Percent of People with Each Score
Percentile by Number Answered
Your Score History
You have not taken this quiz